Bretagne, Normandie ou les deux - Statistiques

Statistiques générales
  • Ce quiz a été pris 893 fois
    844 depuis la dernière actualisation
  • Le résultat moyen est 5 sur 9
Statistiques - réponses
Question Réponse % Correct
Possède le plus d'îles Bretagne
89%
Possède le plus haut phare Bretagne
85%
Possède le mont saint Michel Normandie
80%
Est l'entité étatique la plus ancienne Bretagne
74%
Est la région avec le plus de touristes Bretagne
70%
A la plus grand population Bretagne
63%
Le cidre c'est Les deux
49%
Un Paquebot porte son nom Les deux
22%
fait la meilleur andouille Les deux
14%
Aucun quiz correspondant
Distribution des résultats
% des personnes avec chaque résultat
Percentile par nombre de réponses
Votre historique - résultats
Vous n’avez pas pris ce quiz depuis la dernière actualisation